Oliveira dos cen anos - C. Tangana - Estadísticas

Estadísticas generales
  • Esta prueba ha sido intentada 33 veces
  • La puntuación promedio es 105 de 171
Estadísticas de respuestas
Respuesta % Correcto
é
93%
se
89%
do
81%
Na
81%
no
81%
o
81%
que
81%
Que
81%
Dos
78%
dos
78%
cada
74%
Cada
74%
cen
74%
estou
74%
namorado
74%
te
74%
azuis
70%
como
70%
cor
70%
Creo
70%
día
70%
ollos
70%
semana
70%
Son
70%
son
70%
beleza
67%
celeste
67%
Celta!
67%
celta!
67%
ceo
67%
da
67%
dous
67%
me
67%
Sempre
67%
teus
67%
vivir
67%
atrás
63%
Cando
63%
cando
63%
de
63%
domingo
63%
podo
63%
probar
63%
sen
63%
ti
63%
anos
59%
Conto
59%
este
59%
igual
59%
mires
59%
Non
59%
non
59%
Oliveira
59%
Pérdome
59%
Pero
59%
si
59%
sorte
59%
vez
59%
as
56%
escudo
56%
estar
56%
fácil
56%
meu
56%
miro
56%
morte
56%
nubes
56%
Para
56%
quero
56%
Sei
56%
sei
56%
Un
56%
aqui
52%
aquí
52%
deas
52%
éme
52%
mar
52%
peito
52%
Vigo
52%
vou
52%
apartan
48%
iso
48%
ledicia
48%
mata
48%
ter
48%
Cas
44%
Celtista
44%
confundilos
44%
custa
44%
desa
44%
esquecer
44%
Eu
44%
Nesa
44%
Olvidalos
44%
ondas
44%
os
44%
padecer
44%
Cría
41%
hei
41%
prata
41%
raíces
41%
amores
37%
Tomar
33%
Un escudo
11%
No se encontraron pruebas coincidentes
Distribución de puntuación
Porcentaje de gente con cada puntuación
Porcentaje por número respondido
Historial de tus puntuaciones
No has intentado esta prueba.